| 000 | 01050cam a2200229 4500 | ||
|---|---|---|---|
| 001 | ABS66289 | ||
| 008 | 021217n2002 000 0 eng u | ||
| 035 | _a(Sirsi) u120816 | ||
| 100 | _aFulwood, N | ||
| 245 | _aNLIS: the way forward | ||
| 260 | _c2002 | ||
| 490 |
_aSolicitors' Journal _v146(43) 15 November 2002, 1028-1029(2) |
||
| 520 | _aComments on benefits of online searching for land and property, with assessment of NLIS since its' launch in 2001. It aims to speed up the delivery of land and property searches to solicitors, but only 2000 firms have registered online so far. Suggests this reluctance to resister online has been due to initial doubts about the system, but warns that firms will be left behind as the technology advances quickly. | ||
| 590 | _aABS | ||
| 650 | _aNATIONAL LAND INFORMATION SERVICE | ||
| 650 | _aNATIONAL LAND INFORMATION SERVICE | ||
| 650 | _aLAND SEARCHES | ||
| 650 | _aPROPERTY SEARCHES | ||
| 650 | _aLAND REGISTRATION ACT 2002 | ||
| 690 | _aPROPERTY AND LAND LAW-CONVEYANCING | ||
| 942 | _n0 | ||
| 999 |
_c71796 _d71796 |
||